UBT Library

Win-win performance appraisals : (Record no. 613)

000 -LEADER
fixed length control field 00555nam a22001697a 4500
008 - FIXED-LENGTH DATA ELEMENTS--GENERAL INFORMATION
fixed length control field 150330b xxu||||| |||| 00| 0 eng d
020 ## - INTERNATIONAL STANDARD BOOK NUMBER
International Standard Book Number 9780071736114
041 0# - LANGUAGE CODE
Language code of text/sound track or separate title eng
080 ## - UNIVERSAL DECIMAL CLASSIFICATION NUMBER
Universal Decimal Classification number 658.3
100 1# - Rafti
Rafti Holpp, Lawrence.
245 10 - TITLE STATEMENT
Title Win-win performance appraisals :
Statement of responsibility, etc Lawrence Holpp.
260 ## -
-- New York :
-- McGraw Hill,
-- 2012.
300 ## -
-- 189 f.:
-- me il.;
-- 23 cm.
505 ## -
-- Index: f.181-189
650 #0 -
-- Punonjësit
942 ## - ADDED ENTRY ELEMENTS (KOHA)
Source of classification or shelving scheme
Item type Books
Holdings
Withdrawn status Lost status Source of classification or shelving scheme Damaged status Not for loan Collection code Permanent location Current location Shelving location Date acquired Total Checkouts Full call number Date last seen Koha item type
          Koleksioni i përgjithshem UBT - Lipjan UBT - Lipjan Koleksioni i përgjithshem 03/30/2015   658.3 HOL 03/30/2015 Books
UBT Library © 2015-2024. All rights reserved University Education for Business and Technology